000 00769nam a2200289Ia 4500
005 20260324134159.0
008 008 260324s9999 xx 000 0 eng d
020 _a9781315252155
037 _aEBOOK
040 _aCRL
040 _beng
040 _cCRL
041 _2eng
041 _aeng
084 _qCRL
100 _aRicard Moren-Alegret
_91195872
245 0 _aIntegration and Resistance
245 4 _bThe Relation of Social Organisations, Global Capital, Governments and International Immigration in Spain and Portugal
260 _bTaylor and Francis
260 _c2002
365 _a
365 _b145
856 _uhttp://www.taylorfrancis.com/books/9781315252155
942 _cEBOOK
999 _c1795655
_d1795655